000 01378cab a2200265 4500
001 ABS55016
008 090401t1996 xxu||||| |||| 00| 0 eng d
035 _a(Sirsi) u13615
041 _aeng
245 _aYeandle v Reigate and Banstead BC and another
260 _c1996
350 _a0
490 _aEstates Gazette
_v[1996] 14 EG 90-92(3) (6/4/96)
520 _aCA 16 March 1995. The appellant tenant was granted a tenancy of an agricultural holding in 1968. The tenancy could be determined by landlord or tenant on the 29th day of September in any year provided 12 months notice was given. Following Y`s failure to respond to notices to remedy, the landlords served a notice to quit on 27 July 1992, requiring the tenant to deliver up possession on 28 September 1993. Y argued the notice was invalid as his assignment said 29 September. Appeal dismissed. Notice was valid as the tenancy could be construed to end on the last moment of the 28th or on the first moment of the 29th.
650 _aAGRICULTURAL HOLDINGS
650 _aPROPERTY-LANDLORD AND TENANT-TENANCIES-AGRICULTURAL TENANCIES
650 _aDATES
650 _aNOTICE TO QUIT
650 _aVALIDITY
650 _aYEANDLE V REIGATE AND BANSTEAD BC AND ANOTHER
650 _aYEARLY TENANCY
690 _aLANDLORD AND TENANT-CASE LAW-AGRICULTURAL TENANCIES
942 _n0
948 _c04/03/1997
999 _c8768
_d8768